Guerras de Flandes : (Record no. 165804)
[ view plain ]
| 000 -LEADER | |
|---|---|
| campo de control de longitud fija | 01643nam a22002655i 4500 |
| 001 - NÚMERO DE CONTROL | |
| campo de control | 165804 |
| 003 - IDENTIFICADOR DE NÚMERO DE CONTROL | |
| campo de control | ES-MaACL |
| 005 - FECHA Y HORA DE LA ÚLTIMA TRANSACCIÓN | |
| campo de control | 20250728063135.0 |
| 008 - DATOS DE LONGITUD FIJA--INFORMACIÓN GENERAL | |
| campo de control de longitud fija | 950206s1748 be a |||| | spa d |
| 100 1# - ENTRADA PRINCIPAL--NOMBRE DE PERSONA | |
| Nombre de persona | Strada, Famiano, |
| Fechas asociadas al nombre | 1572-1649 |
| 9 (RLIN) | 132919 |
| 245 10 - MENCIÓN DEL TÍTULO | |
| Título | Guerras de Flandes : |
| Resto del título | segunda decada, desde el principio del Govierno de Alexandro Farnese... escriviòlas en latin el R.P. Famiano Estrada de la Compañía de Jesus y las traduxó en romance el R.P. Melchor de Novar de la misma compañia ; tomo II, part. III. |
| 250 ## - MENCION DE EDICION | |
| Mención de edición | Nueva edicion, enriquecida de lindissimas estampas, en la qual se enmendaron essenciales erratas. |
| 260 ## - PUBLICACIÓN, DISTRIBUCIÓN, ETC. | |
| Lugar de publicación, distribución, etc. | En Amberes : |
| Nombre del editor, distribuidor, etc. | por Marcos Miguel Bousquet y compañia, |
| Fecha de publicación, distribución, etc. | 1748. |
| 300 ## - DESCRIPCIÓN FÍSICA | |
| Extensión | [2], p. 833-1346, [4] h. de grab. ; |
| Dimensiones | 12" |
| 530 ## - NOTA DISPONIBLE DE FORMULARIO FÍSICO ADICIONAL | |
| Nota de formato físico adicional disponible | Disponible en formato digital. |
| 595 ## - | |
| -- | Mención de ed. precede a: "Tomo II, part. III" |
| 597 ## - NOTA DE DESCRIPCIÓN FÍSICA | |
| NOTA DE DESCRIPCIÓN FÍSICA | Sign.: [ ]1, 2O10, 2P-3L12, 3M7. |
| 599 ## - NOTA A LAS ILUSTRACIONES | |
| NOTA A LAS ILUSTRACIONES | Las h. de grab. calc.: "En casa de Bousquet", dos de ellas retratos, 1 escena de El padre Thomas Sailly... y 1 pleg. escena de batalla. |
| 600 14 - PUNTO DE ACCESO ADICIONAL DE MATERIA--NOMBRE DE PERSONA | |
| Nombre de persona | Alejandro Farnesio, |
| Títulos y otros términos asociados al nombre | Duque de Parma |
| 9 (RLIN) | 155121 |
| 651 #0 - PUNTO DE ACCESO ADICIONAL DE MATERIA--NOMBRE GEOGRÁFICO | |
| Nombre geográfico | Países Bajos- |
| Subdivisión general | Historia- |
| Subdivisión cronológica | 1556-1648 (Guerras de la Independencia) |
| 9 (RLIN) | 241409 |
| 700 1# - ENTRADA AGREGADA--NOMBRE PERSONAL | |
| Nombre de persona | Novar, Melchor de |
| Títulos y otros términos asociados al nombre | (S.I.), |
| Fechas asociadas al nombre | 1629-1707 |
| 9 (RLIN) | 130535 |
| 852 4# - LOCALIZACIÓN | |
| Ubicación | ES-MaACL |
| Número de control de estantería | R-1498 |
| Nota libre | - Enc. piel |
| -- | - Ex-libris de la Biblioteca del Rey N. Señor |
| -- | - Sello con la leyenda "Inventariado por las Cortes, 1874" |
| -- | - Olim: G-13943-49 |
| 856 4# - LOCALIZACIÓN Y ACCESO ELECTRÓNICOS | |
| Identificador Uniforme de Recursos | <a href="http://bibliotecavirtualdefensa.es/BVMDefensa/es/consulta/registro.do?id=1622">http://bibliotecavirtualdefensa.es/BVMDefensa/es/consulta/registro.do?id=1622</a> |
| Nota pública | Biblioteca Virtual de Defensa |
| Estatus retirado | Estado de pérdida | Estado de daño | No para préstamo | Colección | Biblioteca de origen | Biblioteca actual | Ubicación en estantería | Fecha de adquisición | Fuente de adquisición | Total de préstamos | Signatura topográfica completa | Código de barras | Visto por última vez | Precio de reemplazo | Tipo de ítem Koha |
|---|---|---|---|---|---|---|---|---|---|---|---|---|---|---|---|
| Colección digital | Biblioteca del Ateneo de Madrid | Biblioteca del Ateneo de Madrid | Depósito | 17/01/2008 | R-1498 | 1173882 | 23/02/2023 | 23/02/2023 | Libro impreso antiguo |
